Virginia Cities with most Black Residents - Statistics

General Stats
  • This quiz has been taken 9 times
  • The average score is 5 of 10
Answer Stats
City % Black % Correct
Newport News 41
100%
Hampton 49
78%
Portsmouth 50
67%
Danville 51
56%
Petersburg 76
56%
Suffolk 42
44%
Emporia 64
33%
Franklin 56
22%
Hopewell 43
22%
Martinsville 44
22%
No matching quizzes found
Score Distribution
Percent of People with Each Score
Percentile by Number Answered
Your Score History
You have not taken this quiz